000 00730nas a2200265 4500
001 BR0203429
003 BR-BrBNA
005 20231205103112.0
007 ta
008 230509b bl.|||p| |||| 00| 00por d
040 _aBR-BrBNA
_bpor
_cBiblioteca Nacional de Agricultura
041 _a(Pt)
072 _aF06
100 1 _aRocha, P.K.
100 1 _aPereira, E.R.
100 1 _aCoelho, R.D.
245 1 _aCusto do bombeamento de água para irrigação no Brasil
650 _aIRRIGAÇÃO
650 _aCANAL
650 _aBOMBA CENTRÍFUGA
650 _aCUSTO
773 0 _tIrriga (Brazil)
_xISSN 1413-7895
_g(2001), v. 6(3) p. 190-203
_wBR0203429
909 _a202311
_bLúcia
_c55
_dLúcia Elande
942 _2AGRIS
_n0
_cANA
999 _c171082
_d171082